| 000 | 00645nam a22002057a 4500 | ||
|---|---|---|---|
| 003 | OSt | ||
| 005 | 20131204154746.0 | ||
| 008 | 131009b xxu||||| |||| 00| 0 eng d | ||
| 020 | _a84-7509-480-5 | ||
| 024 |
_2Dipósit Legal _aB-1.580/1995 |
||
| 040 |
_cCentre de documentació Montserrat Roig _bcat |
||
| 100 |
_93359 _aMartínez Abadía, José |
||
| 245 |
_aIntroducción a la tecnología audiovisual _b: televisión, vídeo, radio _cJosé Martízez Abadía |
||
| 250 | _b5a ed. | ||
| 260 |
_aEspaña _c1995 _bPaidós |
||
| 300 | _a238 p. | ||
| 490 |
_aPaidós Comunicación _v31 |
||
| 650 | 0 | 4 |
_93786 _aAudiovisuals _xTècnica |
| 942 |
_2udc _cMON |
||
| 999 |
_c6635 _d6635 |
||